Formuła 1 2024 - szefowie zespołów - Statystyki

Ogólne statystyki
  • Ten quiz został rozwiązany 299 razy
  • Średni wynik to 5 z 10
Statystyki odpowiedzi
Zespół Szef zespołu % Poprawnych
Red Bull Christian Horner
93%
Mercedes Toto Wolff
88%
Ferrari Frederic Vasseur
70%
McLaren Andrea Stella
67%
Haas Ayao Komatsu
40%
Aston Martin Mike Krack
39%
Williams James Vowles
35%
RB Laurent Mekies
24%
Alpine Bruno Famin
14%
Sauber Alessandro Alunni Bravi
9%
Nie znaleziono quizów pasujących do podanych kryteriów
Rozkład punktacji
Procent ludzi z każdym wynikiem
Percentyl według liczby udzielonych odpowiedzi
Twoja historia wyników
Nie rozwiązałeś tego quizu